| 000 | 01042 a2200229 4500 | ||
|---|---|---|---|
| 001 | 55410 | ||
| 005 | 20260407155828.0 | ||
| 008 | 260407a1967 arg spa d | ||
| 003 | AR-UNSa-BCEJYS | ||
| 040 |
_aAR-UNSa-BCEJYS _bspa _cAR-UNSa-BCEJYS |
||
| 080 |
_a339.92 _xCooperación económica internacional. Integración económica internacional |
||
| 245 | 1 | 0 |
_aDimensiones institucionales de la integración latinoamericana _pInstituciones, proceso de decisión, proyecciones |
| 264 | 1 |
_aBuenos Aires : _bInstituto para la Integración de América Latina (INTAL) _c1967 |
|
| 300 |
_a164 p. _c23 cm. |
||
| 505 | _a1. Instituciones - 2. Proceso de decisión - 3. Comentarios y sugerencias sobre los organismos de la ALALC - 4. Aspectos generales - 5. Instituciones del mercado común centroamericano - 6. El proceso de decisión - 7. Campos de acción - 8. Observaciones y sugerencias | ||
| 041 | _aspa | ||
| 942 | _cBK | ||
| 590 | _aniveau_biblio:m niveau_hierar:0 | ||
| 100 | 1 | _aSidjanski, Dusan | |
| 650 | _aALALC | ||
| 650 | _a alalc | ||
| 999 |
_c5943 _d5943 |
||